Statistiques concernant Frontières afghanes.

Cliquez ici pour prendre le quiz!

Statistiques générales

  • Ce quiz a été pris 45 fois
  • Le résultat moyen est 5 sur 6

Statistiques - réponses

Longueur Pays frontalier % Correct
2430 kmPakistan
100%
936 kmIran
94%
744 kmTurkménistan
88%
1206 kmTadjikistan
88%
137 kmOuzbékistan
85%
76 kmChine
82%

Distribution des résultats

Percentile par nombre de réponses

% des personnes avec chaque résultat

Votre développement - résultats

Vous n’avez pas pris ce quiz